| 000 | 00675nam a2200229 a 4500 | ||
|---|---|---|---|
| 001 | BRCA_1393 | ||
| 005 | 20190320203416.0 | ||
| 008 | 850501s1982 mx-#---###---#000-0aspa-# | ||
| 020 | _a9681612671 | ||
| 041 |
_aspa _hfre |
||
| 050 | 4 |
_aF1213 _b.V54 1982 |
|
| 100 | 1 |
_aVigneaux, Ernest de _94558 |
|
| 245 | 1 | 0 |
_aViaje a México _cErnest de Vigneaux. |
| 260 |
_aMéxico _bFCE _c1982 |
||
| 300 |
_a131 p. _c17 cm. |
||
| 440 | 0 |
_aSEP/80 _v40 _94559 |
|
| 650 | 1 | 4 |
_aFrancés _xHistoria _ySiglo XIX _zMéxico _94560 |
| 650 | 1 | 4 |
_aFilibustera _xBiografía _zMéxico _94561 |
| 651 | 4 |
_aMéxico _xDescripción y viajes _9103 |
|
| 653 | 0 | _aViajeros extranjeros en México | |
| 942 |
_2lcc _cB |
||
| 999 |
_c1255 _d1255 |
||